| 000 | 00612nam a22002177a 4500 | ||
|---|---|---|---|
| 003 | dpl | ||
| 005 | 20180910124932.0 | ||
| 008 | 180910b xxu||||| |||| 00| 0 eng d | ||
| 010 | _aB-19749 | ||
| 020 |
_a8187317493 _c0.00 |
||
| 035 | _aB-19749 | ||
| 040 |
_aDPL _bEN _c0 |
||
| 082 |
_a378.0072 _bRAO |
||
| 100 | _aRao, V K | ||
| 245 |
_aHandbook of high- tech teaching and learning / _cby V.K Rao |
||
| 260 |
_a Delhi _bRajat Publications _c1999 |
||
| 270 |
_a4/32 geeta colony _b Delhi _e110031 |
||
| 300 |
_a307p.: _c20cm |
||
| 500 | _aInclude Index | ||
| 942 |
_2ddc _cEN _h378.0072 _mRAO |
||
| 999 |
_c157284 _d157284 |
||